LA PLATA : (Registro nro. 19366)
[ vista simple ]
| 000 -LEADER | |
|---|---|
| fixed length control field | 00803nam a2200193 a 4500 |
| 001 - CONTROL NUMBER | |
| control field | 19366 |
| 005 - DATE AND TIME OF LATEST TRANSACTION | |
| control field | 20180713212810.0 |
| 008 - FIXED-LENGTH DATA ELEMENTS--GENERAL INFORMATION | |
| fixed length control field | 140415s1996 mx 000 0 spa d |
| 020 ## - INTERNATIONAL STANDARD BOOK NUMBER | |
| International Standard Book Number | 9681329422 |
| 041 ## - LANGUAGE CODE | |
| Language code of text/sound track or separate title | spa |
| 082 ## - DEWEY DECIMAL CLASSIFICATION NUMBER | |
| Classification number | 332.4 |
| Item number | SAL |
| 100 1# - MAIN ENTRY--PERSONAL NAME | |
| Personal name | SALINAS PRICE, HUGO |
| 245 13 - TITLE STATEMENT | |
| Title | LA PLATA : |
| Remainder of title | EL CAMINO PARA MEXICO |
| 250 ## - EDITION STATEMENT | |
| Edition statement | 1a ed. |
| 260 ## - PUBLICATION, DISTRIBUTION, ETC. | |
| Place of publication, distribution, etc. | MEXICO : |
| Name of publisher, distributor, etc. | DIANA, |
| Date of publication, distribution, etc. | 1996 |
| 300 ## - PHYSICAL DESCRIPTION | |
| Extent | 117 |
| Dimensions | 13.5 x 0.7 x 21 |
| 520 ## - SUMMARY, ETC. | |
| Summary, etc. | CON ESTE ENSAYO, ESPERA QUE TODOS A QUIENES AFECTA LA CRISIS MEXIACANA PUEDAN COMPRENDER SUS CAUSAS, ENTENDER QUE LOS MEDIOS PARA SUPENDERLA ESTAN EN NUESTRAS MANOS Y ES FACTIBLE APLICARLOS, Y QUE SOLO HACE FALTA QUE NUESTRAS AUTORIDADES RECONOZCAN LAS REALIDADES MATERIALES Y SICOLÓGICAS QUE EN ESTA OBRA SE SEÑALAN. |
| 650 14 - SUBJECT ADDED ENTRY--TOPICAL TERM | |
| Topical term or geographic name entry element | CAPITAL |
| General subdivision | MONEDA |
| Withdrawn status | Lost status | Source of classification or shelving scheme | Damaged status | Not for loan | Collection code | Home library | Current library | Shelving location | Date acquired | Source of acquisition | Inventory number | Total Checkouts | Full call number | Barcode | Date last seen | Date last checked out | Price effective from | Koha item type |
|---|---|---|---|---|---|---|---|---|---|---|---|---|---|---|---|---|---|---|
| Dewey Decimal Classification | General | Biblioteca Karol Wojtyla | Biblioteca Karol Wojtyla | Sala general | 03/12/2013 | Compra | 151000000000000000049273 | 332.4 SAL | 72903 | 05/01/2026 | 25/04/2015 | 03/12/2013 | Libro | |||||
| Dewey Decimal Classification | General | Biblioteca Karol Wojtyla | Biblioteca Karol Wojtyla | Sala general | 03/12/2013 | Compra | 151000000000000000049272 | 332.4 SAL | 38834 | 05/01/2026 | 03/12/2013 | Libro |